Detalles MARC
| 000 -CABECERA |
| campo de control de longitud fija |
01221cam a2200313 a 4500 |
| 001 - NÚMERO DE CONTROL |
| campo de control |
000018587 |
| 005 - FECHA Y HORA DE LA ÚLTIMA TRANSACCIÓN |
| campo de control |
20200929165828.0 |
| 008 - DATOS DE LONGITUD FIJA--INFORMACIÓN GENERAL |
| campo de control de longitud fija |
940711s1991 sp c b s000 p spa d |
| 020 ## - NÚMERO INTERNACIONAL ESTÁNDAR DEL LIBRO |
| Número Internacional Estándar del Libro |
8477850763 |
| 035 ## - NÚMERO DE CONTROL DEL SISTEMA |
| Número de control de sistema |
(DLC) 94181745 |
| 040 ## - FUENTE DE LA CATALOGACIÓN |
| Centro catalogador/agencia de origen |
DO-SdBNP |
| Lengua de catalogación |
spa |
| Centro/agencia transcriptor |
DLC |
| Centro/agencia modificador |
BNGR |
| 082 ## - NÚMERO DE LA CLASIFICACIÓN DECIMAL DEWEY |
| Número de clasificación |
861.6 |
| Número de documento/Ítem |
C129P |
| 049 ## - FONDOS LOCALES (OCLC) |
| Fondos de biblioteca |
BNGR |
| 100 1# - ENTRADA PRINCIPAL--NOMBRE DE PERSONA |
| Nombre de persona |
Caffarena, Ángel, |
| Fechas asociadas al nombre |
1914- |
| 9 (RLIN) |
40186 |
| 245 10 - MENCIÓN DE TÍTULO |
| Título |
Poéticas y poemas / |
| Mención de responsabilidad, etc. |
Ángel Caffarena, José Luis Cano, Francisco Giner de los Rios ; presentaciones y edición Juan Carlos Jurado. |
| 260 ## - PUBLICACIÓN, DISTRIBUCIÓN, ETC. |
| Lugar de publicación, distribución, etc. |
Málaga : |
| Nombre del editor, distribuidor, etc. |
Centro Cultural de la Generación del 27, |
| Fecha de publicación, distribución, etc. |
[1991]. |
| 300 ## - DESCRIPCIÓN FÍSICA |
| Extensión |
72 p. : |
| Otras características físicas |
il. ; |
| Dimensiones |
22 cm. |
| 504 ## - NOTA DE BIBLIOGRAFÍA, ETC. |
| Nota de bibliografía, etc. |
Incluye referencias bibliográficas. |
| 650 #4 - PUNTO DE ACCESO ADICIONAL DE MATERIA--TÉRMINO DE MATERIA |
| Término de materia o nombre geográfico como elemento de entrada |
Poesía española |
| Subdivisión cronológica |
SIGLO XX |
| 9 (RLIN) |
9197 |
| 650 #4 - PUNTO DE ACCESO ADICIONAL DE MATERIA--TÉRMINO DE MATERIA |
| Término de materia o nombre geográfico como elemento de entrada |
Poetas españoles |
| Subdivisión cronológica |
SIGLO XX |
| Subdivisión general |
Biografias |
| 9 (RLIN) |
40187 |
| 650 #4 - PUNTO DE ACCESO ADICIONAL DE MATERIA--TÉRMINO DE MATERIA |
| Término de materia o nombre geográfico como elemento de entrada |
Poetas españoles |
| Subdivisión general |
Crítica e interpretación |
| 9 (RLIN) |
14275 |
| 650 #4 - PUNTO DE ACCESO ADICIONAL DE MATERIA--TÉRMINO DE MATERIA |
| Término de materia o nombre geográfico como elemento de entrada |
Literatura española |
| Subdivisión cronológica |
SIGLO XX |
| 9 (RLIN) |
3326 |
| 700 1# - PUNTO DE ACCESO ADICIONAL--NOMBRE DE PERSONA |
| Nombre de persona |
Jurado, Juan Carlos, |
| Término indicativo de función/relación |
ed. |
| 9 (RLIN) |
40188 |
| 700 1# - PUNTO DE ACCESO ADICIONAL--NOMBRE DE PERSONA |
| Nombre de persona |
Caffarena, Ángel, |
| Fechas asociadas al nombre |
1914- |
| 9 (RLIN) |
40186 |
| 700 1# - PUNTO DE ACCESO ADICIONAL--NOMBRE DE PERSONA |
| Nombre de persona |
Cano, José Luis. |
| 9 (RLIN) |
8676 |
| 700 1# - PUNTO DE ACCESO ADICIONAL--NOMBRE DE PERSONA |
| Nombre de persona |
Giner de los Rios, Francisco, |
| Fechas asociadas al nombre |
1917- |
| 9 (RLIN) |
40189 |
| 710 1# - PUNTO DE ACCESO ADICIONAL--NOMBRE DE ENTIDAD CORPORATIVA |
| Nombre de entidad corporativa o nombre de jurisdicción como elemento de entrada |
Centro Cultural de la Generacion del 27. |
| 9 (RLIN) |
40190 |
| 910 ## - DATOS DE OPCIÓN DEL USUARIO (OCLC) |
| Datos de opción del usuario |
Catalogación por derivada / LC |